Catálogo
 En Linea

A wife in musashino / (Registro nro. 23434)

Detalles MARC
000 -CABECERA
campo de control de longitud fija 00789nam a2200241 a 4500
001 - NÚMERO DE CONTROL
campo de control 000023938
005 - FECHA Y HORA DE LA ÚLTIMA TRANSACCIÓN
campo de control 20200930022602.0
008 - DATOS DE LONGITUD FIJA--INFORMACIÓN GENERAL
campo de control de longitud fija 110117s2004 xxua r 000 0 spa d
020 ## - NÚMERO INTERNACIONAL ESTÁNDAR DEL LIBRO
Número Internacional Estándar del Libro 1929280289
040 ## - FUENTE DE LA CATALOGACIÓN
Centro catalogador/agencia de origen DO-SdBNP
Lengua de catalogación spa
Centro/agencia transcriptor BNPHU
082 ## - NÚMERO DE LA CLASIFICACIÓN DECIMAL DEWEY
Número de clasificación xxxxxx
Número de documento/Ítem O59w
100 1# - ENTRADA PRINCIPAL--NOMBRE DE PERSONA
Nombre de persona Ōoka, Shōhei
9 (RLIN) 49244
245 12 - MENCIÓN DE TÍTULO
Título A wife in musashino /
Mención de responsabilidad, etc. Ōoka Shōhei ; traducción Dennis Washburn.
260 ## - PUBLICACIÓN, DISTRIBUCIÓN, ETC.
Lugar de publicación, distribución, etc. Estados Unidos :
Nombre del editor, distribuidor, etc. center for Japanese Studies,
Fecha de publicación, distribución, etc. 2004.
300 ## - DESCRIPCIÓN FÍSICA
Extensión 161 p. :
Otras características físicas il. ;
Dimensiones 23.5 cm.
490 1# - MENCIÓN DE SERIE
Mención de serie Michigan Monograph
490 1# - MENCIÓN DE SERIE
Mención de serie In Japanese estudies
Designación de volumen o secuencia 51
500 ## - NOTA GENERAL
Nota general Incluye notas al pie de las páginas.
590 ## - NOTA LOCAL (RLIN)
Nota local Inventariado, 2019/BT
700 1# - PUNTO DE ACCESO ADICIONAL--NOMBRE DE PERSONA
Nombre de persona Washburn, Dennis,
Término indicativo de función/relación tr.
9 (RLIN) 49245
830 #0 - PUNTO DE ACCESO ADICIONAL DE SERIE-TÍTULO UNIFORME
Título uniforme Michigan Monograph
9 (RLIN) 49246
830 #0 - PUNTO DE ACCESO ADICIONAL DE SERIE-TÍTULO UNIFORME
Título uniforme In Japanese studies
Número de parte o sección de la obra 51
9 (RLIN) 49247
Existencias
Estado de retiro Estado de pérdida Restricciones de uso No para préstamo Código de colección Localización permanente Ubicación/localización actual Ubicación en estantería Fecha de adquisición Número de inventario Total de préstamos Signatura topográfica completa Código de barras Fecha visto por última vez Precio válido a partir de Tipo de ítem Koha
        Monografías: Libros y Folletos General General Depósito 17.01.2011 LF1   xxxxxx O59w 23938-10 25.06.2020 25.06.2020 Préstamo en sala

Con tecnología Koha